• 首页
  • 本馆介绍
  • 公告通知
  • 最新文献
  • 馆藏检索
  • 电子资源
  • 读者导购
  • 参考咨询
  • 我的图书馆
  • 登录
  • 详细信息显示
  • 放入我的书架
  • 预约/预借图书
  • 作者相关作品
  • 分类相关作品
  • 丛书相关作品
  • 出版社相关作品

书目信息

  • 表格格式
  • 工作单格式
  • 卡片格式
题名:
Nuendo 3音乐制作从入门到精通
    
 
作者: 王晓 , 王文佳 编著
分册:  
出版信息: 北京   人民邮电出版社  2007
页数: 266页
开本: 26cm
丛书名: 电脑音乐大师系列
单 册:
中图分类: J614.8-39
科图分类:
主题词: 音乐制作--应用软件 , 音乐制作 , 应用软件
电子资源:
ISBN: 978-7-115-15435-4
000 01053oam2 2200301 450
001 0709000065
005 20070531123813.84
010    @a978-7-115-15435-4@dCNY38.00@z711515435X
100    @a20070110d2007 em y0chiy0110 ea
101 0  @achi
102    @aCN@b110000
105    @aa z 000yy
200 1  @aNuendo 3音乐制作从入门到精通@ANuendo 3 yin yue zhi zuo cong ru men dao jing tong@f王晓, 王文佳编著
210    @a北京@c人民邮电出版社@d2007
215    @a266页@c图@d26cm@e附光盘1片
225 2  @a电脑音乐大师系列
307    @a附光盘:ISBN 7-89488-286-0
330    @a本书介绍了Nuendo 3的各方面功能。全书共分11章,分别介绍了Nuendo音乐制作基础、安装与系统设置、操作入门、操作实战、音频的编辑与处理、软件调音台与混音的应用等。
461  0 @12001 @a电脑音乐大师系列
606 0  @a音乐制作@x应用软件
606 0  @a音乐制作
606 0  @a应用软件
610 0  @aNuendo
690    @aJ614.8-39@v4
701  0 @a王晓@Awang xiao@c(音乐)@4编著
701  0 @a王文佳@Awang wen jia@4编著
801  0 @aCN@bNLC@c20070531
905    @a10447@dJ614.8-39@e454
    
    Nuendo 3音乐制作从入门到精通/王晓, 王文佳编著.-北京:人民邮电出版社,2007
    266页:图;26cm+附光盘1片.-(电脑音乐大师系列)
    
    
    ISBN 978-7-115-15435-4:CNY38.00
    本书介绍了Nuendo 3的各方面功能。全书共分11章,分别介绍了Nuendo音乐制作基础、安装与系统设置、操作入门、操作实战、音频的编辑与处理、软件调音台与混音的应用等。
●
相关链接 在E读中查询图书 在五车中查询图书 在当当中查询图书 在豆瓣中查询图书


正题名:Nuendo 3音乐制作从入门到精通     索取号:J614.8-39/454         预约/预借

序号 登录号 条形码 馆藏地/架位号 状态 备注
1 0523887   205238875   第一样本阅览室/ [索取号:J614.8-39/454] 在馆    
2 0523888   205238884   第一借阅区/ [索取号:J614.8-39/454] 在馆    
3 0523890   205238900   第一借阅区/ [索取号:J614.8-39/454] 在馆    
唐山师范学院图书馆 欢迎您!
大连网信软件有限公司© 版权所有